000 00479nam a2200181Ia 4500
005 20250508160448.0
008 008 250505s9999 xx 000 0 eng d
037 _aTextual
040 _aFEDL
_beng
_cFEDL
041 _aeng
_2eng
084 _a517.3, SHA
_qFEDL
100 _aNarayan Shanti
245 0 _aIntegral calculus
260 _aDelhi, India
_bS. Chand and Company
_c1968
300 _a357p.
942 _cTEXL
_h517.3, SHA
999 _c1364746
_d1364746